000 01903nam a22004337a 4500
003 CHAP
005 20220329135701.0
008 971013s1963 r 00010 d
010 _a40521
011 _a41493
035 _a45619
040 _cCHAP
082 _a550
_bE55Y 1960
100 0 0 _aEmmons, William H.
_936536
245 _aGeología ; principios y procesos
260 _aMadrid :
_bEd. del Castillo,
_c1963
300 _a491 p.
_b: ilus. ; mapas
500 _aTrad. de la 5 ed. en inglés
590 _aBATCH-UPD
_b10
_c20130110
_lUCH01
_h1804
590 _aBATCH-UPD
_b10
_c20130410
_lUCH01
_h1140
590 _aBATCH-UPD
_b10
_c20130914
_lUCH01
_h1538
590 _aCONVERSION
_b10
_c20130109
_lUCH01
_h1322
650 1 4 _aGeología.
_947604
901 _aBK
942 _cLIBRO
949 _a550 E55Y 1960
_bBC
_cLIBRO
_d-104186
_eLIBRO
_fc.12
_h46406
_i45619
_si
949 _a550 E55Y 1960
_bBC
_cLIBRO
_d33724000443792
_eLIBRO
_fc.14
_h46408
_i45619
_si
949 _a550 E55Y 1960
_bBC
_cLIBRO
_d33724000443800
_eLIBRO
_fc.9
_h46403
_i45619
_si
949 _a550 E55Y 1960
_bBC
_cLIBRO
_d33724000443842
_eLIBRO
_fc.5
_h32755
_i45619
_si
949 _a550 E55Y 1960
_bBC
_cLIBRO
_d33724000447413
_eLIBRO
_fc.2
_h32752
_i45619
_si
949 _a550 E55Y 1960
_bBC
_cLIBRO
_d33724000447421
_eLIBRO
_fc.3
_h32753
_i45619
_si
949 _a550 E55Y 1960
_bBC
_cLIBRO
_d33724000447454
_eLIBRO
_fc.11
_h46405
_i45619
_si
949 _a550 E55Y 1960
_bBC
_cLIBRO
_d33724000689600
_eLIBRO
_fc.13
_h46407
_i45619
_si
949 _a550 E55Y 1960
_bBC
_cLIBRO
_d33724000881058
_eLIBRO
_fc.4
_h32754
_i45619
_si
949 _a550 E55Y 1960
_bBC
_cLIBRO
_d33724000890083
_eLIBRO
_fc.8
_h46402
_i45619
_si
949 _a550 E55Y 1960
_bBC
_cLIBRO
_d33724000935417
_eLIBRO
_fc.10
_h46404
_i45619
_si
949 _a550 E55Y 1960
_bBC
_cLIBRO
_d33724000935805
_eLIBRO
_fc.7
_h32757
_i45619
_si
949 _a550 E55Y 1960
_bBC
_cLIBRO
_d33724002020330
_eLIBRO
_fc.6
_h32756
_i45619
_si
999 _c40521
_d40521